UBT Library

THE BEST PUNCTUATION BOOK PERIOD (Record no. 59505)

000 -LEADER
fixed length control field 00344nam a22001457a 4500
008 - FIXED-LENGTH DATA ELEMENTS--GENERAL INFORMATION
fixed length control field 230404b ||||| |||| 00| 0 eng d
020 ## - INTERNATIONAL STANDARD BOOK NUMBER
International Standard Book Number 9781607744931
041 ## - LANGUAGE CODE
Language code of text/sound track or separate title eng
080 ## - UNIVERSAL DECIMAL CLASSIFICATION NUMBER
Edition identifier FIRST EDITION
Universal Decimal Classification number 37
082 ## - DEWEY DECIMAL CLASSIFICATION NUMBER
Classification number 37CAS
100 ## - Rafti
Rafti 24
101 ## - Shkurtesa
Shkurtesa BIZNES
245 ## - TITLE STATEMENT
Title THE BEST PUNCTUATION BOOK PERIOD
Statement of responsibility, etc CASAGRANDE.J
942 ## - ADDED ENTRY ELEMENTS (KOHA)
Source of classification or shelving scheme
Item type Books
Holdings
Withdrawn status Lost status Source of classification or shelving scheme Damaged status Not for loan Collection code Permanent location Current location Date acquired Total Checkouts Full call number Barcode Date last seen Price effective from Koha item type
          Koleksioni i përgjithshem UBT - Lipjan UBT - Lipjan 04/04/2023   37CAS 002-80004062 04/04/2023 04/04/2023 Books
UBT Library © 2015-2024. All rights reserved University Education for Business and Technology